Score 0/20 Timer 10:00
9 Plays Today
% Correct
Eddard Stark
98.2%
Arya Stark
79.4%
Jon Snow
79%
Theon Greyjoy
76.1%
Sansa Stark
75.3%
Samwell Tarly
69.3%
Asha Greyjoy
67.8%
Stannis Baratheon
67.1%
Robb Stark
66.9%
Bran Stark/Hodor
66.6%
% Correct
Tyrion Lannister
66.2%
Daenerys Targaryen
64.8%
Jorah Mormont
64.5%
Jaime Lannister
63.7%
Davos Seaworth
61.8%
Brienne of Tarth
54.9%
Victarion Greyjoy
53.7%
Barristan Selmy
53.6%
Quentyn Martell
51.9%
Aegon Targaryen
45.4%
Remove Ads.
Support Sporcle.
Get the best of Sporcle when you Go Orange. This ad-free experience offers more features, more stats, and more fun while also helping to support Sporcle. Thank you for becoming a member.

You're not logged in!

Compare scores with friends on all Sporcle quizzes.
OR
Log In

Show Comments

Extras

Top Quizzes Today


Score Distribution

Your Account Isn't Verified!

In order to create a playlist on Sporcle, you need to verify the email address you used during registration. Go to your Sporcle Settings to finish the process.

Report this User

Report this user for behavior that violates our Community Guidelines.

Details: